000 01247nam a2200301 i 4500
001 bg
003 KOSZ 005
005 20220824101118.0
008 090616s1954 pl f 000 0 pol
015 _aPB 1954/6714
040 _aWA N
_cKOSZ 005/RW
_dKOSZ 005/RW
041 1 _apol
_hrus
080 _a550(083.7)
245 0 0 _aWiercenia rozpoznawcze /
_c[tł. Władysław Jasieński ; oprac. K. G. Wołodczenko et al.].
246 1 _iTyt. oryg.:
_aEdinye normy vyrabotki na geologorazvedočnye raboty :
_brazvedočnoe burenie.
260 _aWarszawa :
_bWydawnictwa Geologiczne,
_c1954.
300 _a155, [1] s. ;
_c24 cm.
380 _aKsiążki.
490 1 _aBiblioteka Zawodowa Geologa. Instrukcje, Normy, Zagadnienia Prawne i Organizacyjne ;
_v5.
650 4 _aGrunt
_xbadanie.
650 4 _aWiertnictwo
700 1 _aJasieński, Władysław.
_eTł.
700 1 _aVolodčenko, Konstantin Gavrilovič.
_eOprac.
710 2 _aWydawnictwa Geologiczne
_4pbl.
830 0 _aBiblioteka Zawodowa Geologa.
_pInstrukcje, Normy, Zagadnienia Prawne i Organizacyjne ;
_v5.
856 _uhttp://koha.tu.koszalin.pl/cgi-bin/koha/opac-detail.pl?biblionumber=11275
_yKatalog online BPK
942 _2UKD
_cKS
999 _c11275
_d11275